Biblioteca

El ministerio educativo de la iglesia (Registro nro. 51797)

Detalles MARC
000 -LÍDER
Campo fijo de descripción fija 01011aab a2200193 i 4500
001 - NÚMERO DE CONTROL
Campo de control 768714001
003 - IDENTIFICADOR DEL NÚMERO DE CONTROL
Campo de control CO-MdFUSB
005 - FECHA Y HORA DE LA ULTIMA TRANSACCIÓN
control field 20250730121912.0
008 - ELEMENTOS DE LONGITUD FIJA -- INFORMACIÓN GENERAL
Campo fijo de descripción fija -- Información general 250730t1989 ag ||||| |||| 00| 0 spa d
040 ## - FUENTE DE CATALOGACIÓN
Idioma de catalogación spa
Agencia que realiza la transcripción CO-MdFUSB
100 1# - ASIENTO PRINCIPAL--NOMBRE PERSONAL
Nombre personal Ramírez, Elvira de
Término relacionador autor
245 13 - TÍTULO
Título El ministerio educativo de la iglesia
Mención de responsabilidad / Elvira de Ramírez
300 ## - DESCRIPCIÓN FÍSICA
Extensión Volumen 8, número 1 (marzo, 1989), Páginas 32-35
Dimensiones ; 27 cm
520 ## - NOTA DE RESUMEN, ETC.
Nota de sumario, etc. Hay un método que le es propio a la educación cristiana, si es que tiene como propósito formar integralmente al cristiano en la vida de fe. Este método se basa en el vínculo estrecho entre maestros y alumnos. La presencia del maestro como modelo permite al discípulo no sólo llegar a saber lo que sabe, sino también, por medio de la identificación con él, llegar a ser lo que es.
653 ## - TÉRMINO DE INDIZACIÓN - NO CONTROLADO
Término no controlado Educación cristiana
773 0# - ASIENTO DE ITEM FUENTE
Título Iglesia y Misión
Biblionumber 49402
Itemnumber 59672
Parte(s) relacionada(s) / Volumen., número. (mes año), páginas Volumen 8, número 1 (marzo, 1989), páginas 32 - 35
Enumeración y primera página páginas 32
942 ## - TIPO DE MATERIAL (KOHA)
Tipo de Item KOHA Artículos de Revista
945 ## - INFORMACIÓN LOCAL DEL REGISTRO
Catalogador JTF-925

No hay ítems disponibles.

Biblioteca FUSBC | Teléfono: (57+4) 349 88 10 Ext. 141| WhatsApp (+57) 3005338115 
E-mail: biblioteca@unisbc.edu.co | Calle 76 87-14 Robledo Palenque, Medellín, Colombia

Con tecnología Koha